000 00941nam a22002057a 4500
999 _c58210
_d58210
003 Ge_BSU
005 20210916112559.0
008 210916s2009 ge ||||| |||| 00| 0 geo d
020 _a9788776886844
041 _ageo
080 _a299.93 ჰ-13
100 _aჰაბარდი, ლ. რონ.
_912481
245 _aსაენტოლოგია:
_bაზროვნების საფუძვლები /
_cლ. რონ ჰაბარდი.
264 _aSmedeland :
_bGlostrup : New Era Publications International ApS : A Hubbard Publication,
_c2009.
300 _a237 გვ. :
_bილ. ;
_c23 სმ.
440 _aნომერ პირველი საერთაშორისო ბესტსელერის - დიანეტიკის ავტორი
_912480
500 _aინდექსები: გვ. 209-235.
653 _aსაენტოლოგია.
942 _2udc
_cBK